Games Released in 1998 - Statistics

General Stats
  • This quiz has been taken 2 times
  • The average score is 15 of 44
Answer Stats
Answer % Correct
Sonic Adventure
100%
1080 Snowboarding
50%
Baldur's Gate
50%
Banjo-Kazooie
50%
Burning Rangers
50%
Crash Bandicoot Warped
50%
Daytona USA 2
50%
Delta Force
50%
Fallout 2
50%
F-Zero X
50%
Glover
50%
Grim Fandango
50%
Half-Life
50%
Mario Party
50%
Metal Gear Solid
50%
Parasite Eve
50%
Resident Evil 2
50%
Sin
50%
Space Station Silicon Valley
50%
Spyro the Dragon
50%
StarCraft
50%
Star Ocean The Second Story
50%
Star Wars Rogue Squadron
50%
Suikoden II
50%
The Legend of Zelda Ocarina of Time
50%
Thief The Dark Project
50%
Tomb Raider III
50%
Wario Land II
50%
Body Harvest
0%
Deep Fear
0%
Gex Enter the Gecko
0%
MediEvi
0%
Need for Speed III Hot Pursuit
0%
No One Can Stop Mr Domino
0%
Oddworld Abe's Exoddus
0%
Panzer Dragoon Saga
0%
Radiant Silvergun
0%
Railroad Tycoon II
0%
Tenchu Stealth Assassins
0%
Tom Clancy's Rainbow Six
0%
Turok 2 Seeds of Evil
0%
Unreal
0%
Vigilante 8
0%
Wetrix
0%
No matching quizzes found
Score Distribution
Percent of People with Each Score
Percentile by Number Answered
Your Score History
You have not taken this quiz